|
|
|
|
| LEADER |
00000nab a2200000 a 4500 |
| 001 |
vtls009529752 |
| 003 |
SK-MaSNL |
| 005 |
20260303184803.0 |
| 008 |
090624c2009 xo wr per 000 0 slo |
| 038 |
|
|
|a PPPK
|
| 040 |
|
|
|a PPPKCL
|b slo
|c PPPK
|e AACR2
|
| 041 |
0 |
|
|a slo
|
| 044 |
|
|
|a xo
|c SK
|
| 080 |
|
|
|a 687.5.01-055.2
|2 2001
|
| 080 |
|
|
|a 687:659.153
|2 2001
|
| 080 |
|
|
|a 687.5.01
|2 2001
|
| 245 |
0 |
0 |
|a Exkluzívna módna šou v Poprade zaujala aj ministra dopravy
|c [autor] (lej) ; foto Mária Lejnarová, Silvia Šifrová
|
| 300 |
|
|
|b Fotogr.
|
| 600 |
1 |
7 |
|a Eckhardt, Lýdia,
|d 1962-
|2 pppkcl
|9 114268
|
| 650 |
0 |
7 |
|a módne návrhárky
|2 pppkcl
|9 99255
|
| 650 |
0 |
7 |
|a módne návrhárstvo
|2 pppkcl
|9 86030
|
| 650 |
0 |
7 |
|a módne prehliadky
|z Poprad (Slovensko)
|2 pppkcl
|9 1215274
|
| 651 |
|
7 |
|a Poprad (Slovensko)
|2 pppkcl
|9 20155
|
| 700 |
1 |
|
|a Lejnarová, Mária
|4 pht
|9 1004732
|
| 700 |
1 |
|
|a Šifrová, Silvia
|4 pht
|9 1040180
|
| 773 |
0 |
|
|t Poprad : noviny občanov mesta
|g Roč. XX, č. 23 (2009), s. 1
|
| 852 |
|
|
|a PPPK
|b KIS3GCP
|
| 999 |
|
|
|c 2128156
|d 2130086
|